Jimi Hendrix Albums Tile Select - Statistics

General Stats
  • This quiz has been taken 38 times
  • The average score is 27 of 33
Answer Stats
Question Tile Select % Correct
the following songs that are on Electric Ladyland (1968). Night Bird Flying No
97%
the following songs that are on Are You Experienced? (1967). Purple Haze Yes
97%
the following songs that are on Electric Ladyland (1968). Voodoo Child (Slight Return) Yes
97%
the following songs that are on Are You Experienced? (1967). Spanish Castle Magic No
94%
the following songs that are on Electric Ladyland (1968). Stepping Stone No
94%
the following songs that are on Electric Ladyland (1968). All Along the Watchtower Yes
91%
the following songs that are on Axis: Bold as Love (1968). Castles Made of Sand Yes
91%
the following songs that are on Are You Experienced? (1967). Foxey Lady Yes
91%
the following songs that are on Electric Ladyland (1968). Freedom No
91%
the following songs that are on Are You Experienced? (1967). Hey Joe Yes
91%
the following songs that are on Are You Experienced? (1967). Little Wing No
91%
the following songs that are on Are You Experienced? (1967). Manic Depression Yes
91%
the following songs that are on Axis: Bold as Love (1968). Red House No
91%
the following songs that are on Electric Ladyland (1968). Angel No
88%
the following songs that are on Axis: Bold as Love (1968). If 6 Was 9 Yes
88%
the following songs that are on Electric Ladyland (1968). The Burning of the Midnight Lamp Yes
88%
the following songs that are on Axis: Bold as Love (1968). Fire No
85%
the following songs that are on Axis: Bold as Love (1968). Izabella No
85%
the following songs that are on Are You Experienced? (1967). Crosstown Traffic No
82%
the following songs that are on Band of Gypsys (1970). Machine Gun Yes
79%
the following songs that are on Electric Ladyland (1968). 1983... (A Merman I Should Turn to Be) Yes
76%
the following songs that are on Electric Ladyland (1968). Gypsy Eyes Yes
76%
the following songs that are on Band of Gypsys (1970). Wild Thing No
76%
the following songs that are on Axis: Bold as Love (1968). Little Miss Lover Yes
73%
the following songs that are on Axis: Bold as Love (1968). The Wind Cries Mary No
73%
the following songs that are on Band of Gypsys (1970). The Star-Spangled Banner No
70%
the following songs that are on Are You Experienced? (1967). Third Stone from the Sun Yes
67%
the following songs that are on Axis: Bold as Love (1968). Wait Until Tomorrow Yes
64%
the following songs that are on Band of Gypsys (1970). Who Knows Yes
64%
the following songs that are on Axis: Bold as Love (1968). You've Got Me Floating Yes
61%
the following songs that are on Are You Experienced? (1967). I Don't Live Today Yes
55%
the following songs that are on Band of Gypsys (1970). Changes Yes
52%
the following songs that are on Band of Gypsys (1970). Dolly Dagger No
48%
No matching quizzes found
Score Distribution
Percent of People with Each Score
Percentile by Number Answered
Your Score History
You have not taken this quiz